000 00407nam a2200181Ia 4500
005 20240823025444.0
008 240823s9999||||xx |||||||||||||| ||und||
041 _aENGLISH
082 _A511 Q0
100 _aKrishna Kumari K
245 0 _aTheory of Computation
250 _a3rd
260 _c2010
_bARS Publica
500 _aYES
650 _aComputation
_bPhysics
942 _cBK
999 _c186361
_d186361